[Event "GRE-chT 41st"]
[Site "Achaia"]
[Date "2013.07.06"]
[Round "6.4"]
[White "Papadopoulos, Panayotis"]
[Black "Tzermiadianos, Aggelos"]
[Result "1/2-1/2"]
[WhiteElo "2004"]
[BlackElo "2437"]
[PlyCount "62"]
[EventDate "2013.07.02"]
[EventType "team-swiss"]
[EventRounds "7"]
[EventCountry "GRE"]
[SourceTitle "CBM 155 Extra"]
[Source "ChessBase"]
[SourceDate "2013.08.26"]
[SourceVersion "1"]
[SourceVersionDate "2013.08.26"]
[SourceQuality "1"]
[WhiteTeam "Triandrias PG"]
[BlackTeam "Peristeriou CP"]
[WhiteTeamCountry "GRE"]
[BlackTeamCountry "GRE"]

1. d4 Nf6 2. Nf3 g6 3. Bf4 Bg7 4. e3 0-0 5. Be2 d6 6. 0-0 Nbd7 7. h3 Qe8 8. c4 e5 9. Bh2 Ne4 10. Qc2 f5 11. Nc3 Nxc3 12. Qxc3 Kh8 13. Rfe1 e4 14. Nd2 Qe7 15. Qa3 c5 16. Rad1 a5 17. Nb1 Ra6 18. dxc5 dxc5 19. Nc3 g5 20. Rd5 f4 21. Bg4 fxe3 22. Rxe3 Nf6 23. Re5 Qd8 24. Bxc8 Qd2 25. Bg3 Rxc8 26. Rxg5 Re6 27. Rxc5 Rce8 28. Qb3 b6 29. Rf5 Qc1+ 30. Kh2 Bh6 31. Re2 e3 1/2-1/2

[Event "Athens Acropolis op"]
[Site "Athens"]
[Date "2005.03.08"]
[Round "3"]
[White "Tzermiadianos, Aggelos"]
[Black "Kokolias, Konstantinos"]
[Result "1-0"]
[WhiteElo "2250"]
[BlackElo "2137"]
[PlyCount "99"]
[EventDate "2005.03.06"]
[EventType "swiss"]
[EventRounds "9"]
[EventCountry "GRE"]
[SourceTitle "CBM 105 Extra"]
[Source "ChessBase"]
[SourceDate "2005.05.01"]
[SourceVersion "1"]
[SourceVersionDate "2005.05.01"]
[SourceQuality "1"]

1. c4 e5 2. Nc3 Nc6 3. g3 g6 4. Bg2 Bg7 5. d3 d6 6. Nf3 f5 7. 0-0 Nf6 8. a3 0-0 9. Qc2 h6 10. Rb1 Be6 11. b4 Qd7 12. Bb2 g5 13. b5 Nd4 14. Nxd4 exd4 15. Na2 d5 16. c5 Nh5 17. Qa4 f4 18. Bxd4 Bh3 19. Bxg7 Nxg7 20. Nb4 Bxg2 21. Kxg2 Qg4 22. Qb3 f3+ 23. exf3 Qxf3+ 24. Kg1 Rad8 25. c6 Nf5 26. Qd1 Nd4 27. Rb2 Nxb5 28. Qxf3 Rxf3 29. cxb7 Rb8 30. Nc6 Rxb7 31. Rxb5 Rxb5 32. Nd4 Rxd3 33. Nxb5 c5 34. Rc1 c4 35. a4 a6 36. Nc7 a5 37. Nb5 Kf7 38. Kf1 Ke7 39. Ke2 Rb3 40. Rd1 Rb4 41. Nc3 Ke6 42. Ke3 Rb3 43. Kd4 Rb2 44. Re1+ Kd6 45. Re2 Rb3 46. Nb5+ Kc6 47. Re6+ Kd7 48. Rd6+ Ke7 49. Rxd5 Rf3 50. Re5+ 1-0

[Event "Athens Acropolis op"]
[Site "Athens"]
[Date "2005.03.06"]
[Round "1"]
[White "Solak, Dragan"]
[Black "Tzermiadianos, Aggelos"]
[Result "1-0"]
[WhiteElo "2596"]
[BlackElo "2250"]
[PlyCount "149"]
[EventDate "2005.03.06"]
[EventType "swiss"]
[EventRounds "9"]
[EventCountry "GRE"]
[SourceTitle "CBM 105 Extra"]
[Source "ChessBase"]
[SourceDate "2005.05.01"]
[SourceVersion "1"]
[SourceVersionDate "2005.05.01"]
[SourceQuality "1"]

1. e4 d5 2. exd5 Qxd5 3. Nc3 Qd6 4. d4 Nf6 5. Nf3 a6 6. g3 Bg4 7. Bg2 Nc6 8. 0-0 0-0-0 9. d5 Nb4 10. h3 Bxf3 11. Qxf3 Nbxd5 12. Rd1 e6 13. Nxd5 exd5 14. c4 Qb6 15. cxd5 Bc5 16. Bf4 Rhe8 17. Rac1 Ne4 18. Rc2 Rd7 19. Rdc1 g5 20. Bxc7 Qxc7 21. Rxc5 Nxc5 22. b4 b6 23. bxc5 bxc5 24. d6 Rxd6 25. Qf5+ Kb8 26. Rxc5 Qe7 27. Qf3 Ka7 28. Re5 Re6 29. Rxe6 fxe6 30. Qe3+ Kb8 31. Qb6+ Kc8 32. Qxa6+ Kc7 33. Bc6 Rc8 34. Qa7+ Kd8 35. Qd4+ Kc7 36. Qa7+ Kd8 37. Qd4+ Kc7 38. Be4 Qd7 39. Qc5+ Kd8 40. Qxg5+ Qe7 41. Qe5 Ke8 42. a4 Rc5 43. Qh8+ Kd7 44. Bxh7 Qg5 45. Be4 Qe5 46. Qh7+ Kd6 47. Qb7 Qa1+ 48. Kg2 Rc1 49. Qb4+ Kd7 50. Kh2 Qc3 51. Qb7+ Kd6 52. h4 Qe1 53. Qb6+ Kd7 54. Qd4+ Ke7 55. Kh3 Rd1 56. Qc5+ Kd8 57. Bf3 Rd2 58. Kg2 Rd3 59. Qf8+ Kd7 60. Qf7+ Kd6 61. Qf8+ Kd7 62. Qc5 Rc3 63. Qd4+ Ke7 64. Qb4+ Kd7 65. a5 Rc1 66. Qxe1 Rxe1 67. a6 Ra1 68. Bb7 Ke7 69. Kf3 Kf6 70. Ke4 Ke7 71. f3 Kf6 72. Kd4 Rd1+ 73. Kc5 Rc1+ 74. Kb6 Rb1+ 75. Kc7 1-0

[Event "Athens Acropolis op"]
[Site "Athens"]
[Date "2004.11.21"]
[Round "6"]
[White "Tzermiadianos, Aggelos"]
[Black "Angelopoulos, Georgios"]
[Result "1-0"]
[WhiteElo "2233"]
[BlackElo "2104"]
[PlyCount "67"]
[EventDate "2004.11.16"]
[EventType "swiss"]
[EventRounds "9"]
[EventCountry "GRE"]
[SourceTitle "CBM 103 Extra"]
[Source "ChessBase"]
[SourceDate "2005.01.01"]
[SourceVersion "1"]
[SourceVersionDate "2005.01.01"]
[SourceQuality "1"]

1. e4 e5 2. Nf3 Nc6 3. Bc4 Nf6 4. Nc3 Bc5 5. d3 d6 6. Na4 a6 7. Nxc5 dxc5 8. Bg5 Qd6 9. h3 Nd7 10. a3 Nb6 11. Ba2 f6 12. Be3 Bd7 13. Nd2 0-0-0 14. 0-0 g5 15. Nb3 Nd4 16. Nxc5 Qxc5 17. c3 Qd6 18. cxd4 exd4 19. Bd2 Be6 20. Bb4 Qd7 21. Bxe6 Qxe6 22. f4 Nd7 23. Qh5 Qb3 24. fxg5 fxg5 25. Qe2 Rde8 26. Rac1 Ne5 27. Bd6 Nc6 28. Bg3 Rhf8 29. Qg4+ Kb8 30. Qd7 Rxf1+ 31. Rxf1 Re7 32. Bxc7+ Ka7 33. Qd6 Re5 34. Bb8+ 1-0

[Event "Athens Acropolis op"]
[Site "Athens"]
[Date "2004.11.17"]
[Round "2"]
[White "Tzermiadianos, Aggelos"]
[Black "Soultatis, Kostas"]
[Result "1-0"]
[WhiteElo "2233"]
[BlackElo "2135"]
[PlyCount "39"]
[EventDate "2004.11.16"]
[EventType "swiss"]
[EventRounds "9"]
[EventCountry "GRE"]
[SourceTitle "CBM 103 Extra"]
[Source "ChessBase"]
[SourceDate "2005.01.01"]
[SourceVersion "1"]
[SourceVersionDate "2005.01.01"]
[SourceQuality "1"]

1. e4 c5 2. b3 Nc6 3. Bb2 d6 4. Bc4 Nf6 5. Qe2 e5 6. f4 Be7 7. Nf3 Nd4 8. Nxd4 exd4 9. c3 0-0 10. 0-0 Bg4 11. Qd3 d5 12. exd5 Nxd5 13. f5 g6 14. Qg3 Bh5 15. cxd4 cxd4 16. Qe5 Nf6 17. Bxd4 Rc8 18. fxg6 Bxg6 19. Nc3 Rc6 20. Nd5 1-0

[Event "Athens Acropolis op"]
[Site "Athens"]
[Date "2003.09.02"]
[Round "9"]
[White "Tzermiadianos, Aggelos"]
[Black "Markidis, Konstantinos"]
[Result "0-1"]
[WhiteElo "2201"]
[BlackElo "2358"]
[PlyCount "92"]
[EventDate "2003.08.25"]
[EventType "swiss"]
[EventRounds "9"]
[EventCountry "GRE"]
[SourceTitle "EXT 2004"]
[Source "ChessBase"]
[SourceDate "2003.11.25"]
[SourceVersion "1"]
[SourceVersionDate "2003.11.25"]
[SourceQuality "1"]

1. e4 e5 2. Nf3 Nc6 3. Bc4 Bc5 4. c3 Nf6 5. d3 a6 6. Bb3 Ba7 7. 0-0 d6 8. Nbd2 0-0 9. Nc4 h6 10. Re1 Re8 11. Be3 b5 12. Ncd2 Na5 13. Bc2 c5 14. h3 d5 15. exd5 Nxd5 16. d4 exd4 17. cxd4 Nxe3 18. fxe3 cxd4 19. exd4 Bxd4+ 20. Nxd4 Qxd4+ 21. Kh1 Bb7 22. Ne4 Qxd1 23. Raxd1 Kf8 24. Nc5 Rxe1+ 25. Rxe1 Bc6 26. b3 Nb7 27. Nxb7 Bxb7 28. Re2 Re8 29. Rd2 Re5 30. Kg1 Ke7 31. Kf2 b4 32. Bd3 a5 33. g4 Bd5 34. Be2 f5 35. Bf3 Be6 36. Kg3 fxg4 37. hxg4 Rc5 38. Kf4 Kf6 39. Be4 g5+ 40. Kg3 Rc3+ 41. Bf3 h5 42. Kg2 hxg4 43. Be2 Ke5 44. Bd1 Bd5+ 45. Kf2 g3+ 46. Kg1 Rc1 0-1

[Event "GRE-ch51"]
[Site "Athens"]
[Date "2001.12.05"]
[Round "4"]
[White "Halkias, Stelios"]
[Black "Tzermiadianos, Aggelos"]
[Result "1-0"]
[WhiteElo "2519"]
[BlackElo "2460"]
[PlyCount "123"]
[EventDate "2001.12.03"]
[EventType "tourn"]
[EventRounds "9"]
[EventCountry "GRE"]
[EventCategory "9"]
[SourceTitle "EXT 2003"]
[Source "ChessBase"]
[SourceDate "2002.11.25"]
[SourceVersion "1"]
[SourceVersionDate "2002.11.25"]
[SourceQuality "1"]

1. Nf3 Nf6 2. c4 g6 3. Nc3 Bg7 4. d4 0-0 5. e4 d6 6. Be2 e5 7. Be3 exd4 8. Nxd4 Re8 9. f3 c6 10. Qd2 d5 11. exd5 cxd5 12. 0-0 Nc6 13. Rad1 Nxd4 14. Bxd4 dxc4 15. Bxc4 Be6 16. Bb5 Rf8 17. Qf2 a6 18. Be2 Re8 19. f4 b5 20. Bf3 Rc8 21. Bxf6 Qxf6 22. Ne4 Qxb2 23. Qxb2 Bxb2 24. Nd6 Bc4 25. Nxc8 Rxc8 26. Rf2 Ba3 27. Rc2 Bc5+ 28. Kh1 Re8 29. g3 Kg7 30. Kg2 a5 31. Bc6 Rc8 32. Bd5 Rd8 33. Bf3 Re8 34. h4 Bb4 35. Rd7 Be6 36. Rb7 Bc4 37. Rd7 Be6 38. Ra7 Bc4 39. h5 Re1 40. Rd7 Be6 41. Rd1 Re3 42. hxg6 hxg6 43. Rd4 Be7 44. Kf2 Ra3 45. Bd5 Bd8 46. Kg2 Bf5 47. Rc6 Bf6 48. Rd2 g5 49. Rc7 gxf4 50. gxf4 Bg6 51. Kh2 Ra4 52. Kg3 Bh5 53. Rb7 Ra3+ 54. Kh2 b4 55. Rg2+ Kf8 56. Rg3 Rc3 57. Rb8+ Ke7 58. Rb7+ Kd6 59. Bxf7 Bf3 60. Rb6+ Ke7 61. Bb3 Be4 62. Re6+ 1-0

[Event "GRE-chT"]
[Site "Athens"]
[Date "1996.??.??"]
[Round "3"]
[White "Tzermiadianos, Aggelos"]
[Black "Stavrou, Hristos"]
[Result "1/2-1/2"]
[WhiteElo "2200"]
[BlackElo "2150"]
[PlyCount "69"]
[EventDate "1996.??.??"]
[EventType "team"]
[EventRounds "9"]
[EventCountry "GRE"]
[SourceTitle "CBM 055 Extra"]
[Source "ChessBase"]
[SourceDate "1997.01.01"]
[SourceVersion "1"]
[SourceVersionDate "1997.01.01"]
[SourceQuality "1"]

1. e4 e5 2. Nf3 Nc6 3. d4 exd4 4. Bc4 Nf6 5. e5 d5 6. Bb5 Ne4 7. Nxd4 Bd7 8. Bxc6 bxc6 9. Be3 Be7 10. c3 0-0 11. Nd2 Nc5 12. N2b3 f6 13. exf6 Rxf6 14. Nxc5 Bxc5 15. Nxc6 Bxc6 16. Bxc5 Re6+ 17. Be3 Qh4 18. 0-0 Rf8 19. Bd4 Rh6 20. h3 Rg6 21. Kh1 Bd7 22. Be5 Bxh3 23. Bg3 Qe4 24. f3 Qe6 25. Re1 Qd7 26. Kh2 Bxg2 27. Kxg2 Qd6 28. f4 Qxf4 29. Qxd5+ Kh8 30. Qd3 Qf2+ 31. Kh3 Rh6+ 32. Kg4 Rg6+ 33. Kh3 Rh6+ 34. Kg4 Rg6+ 35. Kh3 1/2-1/2

[Event "Wch U26"]
[Site "Sofia"]
[Date "1994.??.??"]
[Round "1"]
[White "Tzermiadianos, Aggelos"]
[Black "Beikert, Guenther"]
[Result "0-1"]
[WhiteElo "2220"]
[BlackElo "2415"]
[PlyCount "56"]
[EventDate "1994.??.??"]
[EventType "swiss"]
[EventRounds "9"]
[EventCountry "BUL"]
[SourceTitle "TD"]
[Source "ChessBase"]
[SourceDate "1994.03.01"]
[SourceVersion "1"]
[SourceVersionDate "1994.03.01"]
[SourceQuality "1"]

1. e4 d6 2. d4 Nf6 3. Nc3 e5 4. dxe5 dxe5 5. Qxd8+ Kxd8 6. Bg5 Be6 7. f4 exf4 8. 0-0-0+ Nbd7 9. e5 h6 10. Bxf6+ gxf6 11. exf6 Bc5 12. Nf3 c6 13. Ne5 Kc7 14. Nxd7 Bxd7 15. Be2 Rhg8 16. Bf3 Bg4 17. Rd3 Bxf3 18. gxf3 Rad8 19. Rxd8 Rxd8 20. Re1 Be3+ 21. Kb1 Rg8 22. a3 Rg2 23. Nd1 Bc5 24. b4 Bd6 25. Nb2 Rf2 26. Nc4 b5 27. Nxd6 Kxd6 28. Re7 Rxf3 0-1

[Event "Athens op"]
[Site "Athens"]
[Date "1994.??.??"]
[Round "?"]
[White "Tzermiadianos, Aggelos"]
[Black "Papastavropoulos, Andreas"]
[Result "1/2-1/2"]
[WhiteElo "2220"]
[BlackElo "2200"]
[PlyCount "120"]
[EventDate "1994.??.??"]
[EventType "swiss"]
[EventRounds "9"]
[EventCountry "GRE"]
[SourceTitle "EXT 2003"]
[Source "ChessBase"]
[SourceDate "2002.11.25"]
[SourceVersion "1"]
[SourceVersionDate "2002.11.25"]
[SourceQuality "1"]

1. e4 c5 2. b3 Nc6 3. Bb2 d6 4. f4 a6 5. Nf3 Nf6 6. Nc3 Bg4 7. h3 Bxf3 8. Qxf3 Nd4 9. Qd3 e5 10. Nd5 Nxd5 11. exd5 Qf6 12. c3 Nf5 13. 0-0-0 exf4 14. Qe4+ Be7 15. Qa4+ Kd8 16. Qxf4 Qg5 17. Qf3 Bf6 18. g4 Nh4 19. Qe4 Kc7 20. Bd3 Rhe8 21. Qa4 Qxd5 22. Bc4 Qc6 23. Qxc6+ Kxc6 24. Bxf7 Re7 25. Bc4 d5 26. Bd3 Rae8 27. Rhf1 h6 28. Rf2 Re1 29. Kc2 b5 30. Rxe1 Rxe1 31. Re2 Nf3 32. Rf2 Ng5 33. h4 Ne4 34. Re2 Rxe2 35. Bxe2 Bxh4 36. c4 Bf6 37. d3 Ng5 38. Bc1 Ne6 39. Be3 bxc4 40. dxc4 d4 41. Bf3+ Kd6 42. Bd2 Bg5 43. Be1 Nf4 44. Bg3 a5 45. Be1 Bd8 46. Bg3 Ke5 47. Kd2 Bc7 48. Kc2 Kf6 49. Bxf4 Bxf4 50. Kd3 Kg5 51. a3 Be3 52. Be2 g6 53. Bd1 h5 54. gxh5 gxh5 55. b4 cxb4 56. axb4 axb4 57. c5 h4 58. c6 Bf4 59. Kxd4 Bd6 60. Bf3 Kf4 1/2-1/2

[Event "Wch U26"]
[Site "Sofia"]
[Date "1994.??.??"]
[Round "5"]
[White "Tzermiadianos, Aggelos"]
[Black "Sichinava, Roman"]
[Result "0-1"]
[WhiteElo "2220"]
[BlackElo "2380"]
[PlyCount "98"]
[EventDate "1994.??.??"]
[EventType "swiss"]
[EventRounds "9"]
[EventCountry "BUL"]
[SourceTitle "TD"]
[Source "ChessBase"]
[SourceDate "1994.03.01"]
[SourceVersion "1"]
[SourceVersionDate "1994.03.01"]
[SourceQuality "1"]

1. e4 g6 2. d4 Bg7 3. Nc3 c6 4. f4 d5 5. e5 h5 6. Nf3 Nh6 7. Be3 Bg4 8. h3 Nf5 9. Bf2 Bxf3 10. Qxf3 h4 11. Bd3 e6 12. 0-0 Bf8 13. Ne2 Qb6 14. b3 Ba3 15. Rab1 a5 16. c4 Na6 17. Bxf5 gxf5 18. b4 Bxb4 19. a3 dxc4 20. axb4 axb4 21. d5 Qc7 22. dxc6 Qxc6 23. Qxc6+ bxc6 24. Rfc1 c3 25. Ra1 0-0 26. Bxh4 Rfe8 27. Bf2 Nc7 28. Rxa8 Rxa8 29. Nxc3 bxc3 30. Rxc3 Nd5 31. Rc4 Ra3 32. g3 Ra6 33. Kg2 Kg7 34. Rc2 Kg6 35. Bd4 Kh5 36. Kf3 Ra4 37. Bf2 Ra3+ 38. Kg2 Nc3 39. Be1 Ne4 40. Rxc6 Ra1 41. Bb4 Rb1 42. Be7 Rb2+ 43. Kg1 Rb3 44. Rc8 Rxg3+ 45. Kh2 Rf3 46. Rh8+ Kg6 47. Bg5 Nxg5 48. Rg8+ Kh7 49. Rxg5 Rxf4 0-1

[Event "Athens op"]
[Site "Athens"]
[Date "1994.??.??"]
[Round "?"]
[White "Tzermiadianos, Aggelos"]
[Black "Vragoteris, Antonios"]
[Result "0-1"]
[WhiteElo "2220"]
[BlackElo "2290"]
[PlyCount "44"]
[EventDate "1994.??.??"]
[EventType "swiss"]
[EventRounds "9"]
[EventCountry "GRE"]
[SourceTitle "EXT 2003"]
[Source "ChessBase"]
[SourceDate "2002.11.25"]
[SourceVersion "1"]
[SourceVersionDate "2002.11.25"]
[SourceQuality "1"]

1. e4 c5 2. b3 Nc6 3. Bb2 d6 4. Bb5 Bd7 5. Nf3 Nf6 6. Bxf6 gxf6 7. Nh4 e6 8. Qh5 a6 9. Bxc6 Bxc6 10. 0-0 d5 11. exd5 Qxd5 12. Qxd5 Bxd5 13. Nc3 Bc6 14. Rfe1 0-0-0 15. Rad1 Rg8 16. Re3 Bh6 17. Rg3 Rxg3 18. hxg3 Rxd2 19. Rxd2 Bxd2 20. Nd1 Be4 21. c4 Bb1 22. Nf3 Bb4 0-1